000 00711nam a2200205 i 4500
001 150779
003 ES-MaACL
005 20230906203708.0
007 t|
008 071112s1935 fr ||||1| fre d
100 0 _aBabeuf, Gracchus.
_924415
245 1 0 _aPages choisies de Babeuf /
_crecueillies, commentées, annotées avec une introd. et une bibliogr. critique par Maurice Dommanget.
260 _aParis :
_bArmand Colin,
_c1935.
300 _aXI, 330 p. ;
_c23 cm.
490 1 _aLes classiques de la Révolution Française
700 1 _aDommanget, Maurice.
_945264
830 0 _aLes classiques de la Révolution Française
_9221167
852 _aES-MaACL
_jA-3418
_bR.14914
999 _c150779
_d150779